Comparison of physicomechanical properties of NBR-PVC blend cured by sulfur and electron beam (Record no. 56014)

MARC details
000 -LEADER
fixed length control field 00584nam a2200205Ia 4500
100 ## - MAIN ENTRY--AUTHOR NAME
Personal name Hafezi M
245 #0 - TITLE STATEMENT
Title Comparison of physicomechanical properties of NBR-PVC blend cured by sulfur and electron beam
260 ## - PUBLICATION, DISTRIBUTION, ETC. (IMPRINT)
Name of publisher Journal of Elastomers and Plastics
Year of publication 2007
300 ## - PHYSICAL DESCRIPTION
Number of Pages 151-163
650 ## - SUBJECT ADDED ENTRY--TOPICAL TERM
Topical Term Curing system
650 ## - SUBJECT ADDED ENTRY--TOPICAL TERM
Topical Term Electron beam
650 ## - SUBJECT ADDED ENTRY--TOPICAL TERM
Topical Term NBR-PVC blend
650 ## - SUBJECT ADDED ENTRY--TOPICAL TERM
Topical Term Physicomechanical properties
650 ## - SUBJECT ADDED ENTRY--TOPICAL TERM
Topical Term Sulfur
700 ## - ADDED ENTRY--PERSONAL NAME
Personal name Azim H R
700 ## - ADDED ENTRY--PERSONAL NAME
Personal name Khorasani S Nouri
700 ## - ADDED ENTRY--PERSONAL NAME
Personal name Ziaei F
942 ## - ADDED ENTRY ELEMENTS (KOHA)
Koha item type Journals
Holdings
Withdrawn status Lost status Damaged status Not for loan Home library Current library Shelving location Date acquired Serial Enumeration / chronology Koha item type
      Journals RRII Library RRII Library Rubber chemistry 21/08/2007 Volume 39, Issue 2 Journals